Most Spoken Languages in the United States - Statistics

General Stats
  • This quiz has been taken 35 times
  • The average score is 4 of 5
Answer Stats
Hint Answer % Correct
331 Million English
100%
21 Million French
94%
102 Million Spanish
94%
6.5 Million Italian
69%
2.8 Million Korean
50%
No matching quizzes found
Score Distribution
Percent of People with Each Score
Percentile by Number Answered
Your Score History
You have not taken this quiz